| 000 | 00934nam a22001935i 4500 | ||
|---|---|---|---|
| 001 | 154375 | ||
| 003 | ES-MaACL | ||
| 005 | 20230906205711.0 | ||
| 008 | 040712s1877 sp |||| | spa d | ||
| 040 |
_aCAM _bspa _cCAM |
||
| 100 | 1 |
_aGroizard y Gómez de la Serna, Alejandro. _960118 |
|
| 245 | 1 | 0 | _aDiscurso pronunciado por Alejandro Groizard, presidente de la Academia Matritense de Jurisprudencia y Legislación en la sesión inaugural del curso de 1877 á 78 celebrada el 29 de noviembre de 1877. |
| 260 |
_aMadrid : _b[s.n.], _c1877 ( _fImprenta del Ministerio de Gracia y Justicia) |
||
| 300 |
_a22 p. ; _c23 cm. |
||
| 594 | _aTema del discurso: La influencia de la voluntad en el derecho. | ||
| 710 |
_aAcademia Matritense de Jurisprudencia y Legislación. _91204 |
||
| 852 |
_aES-MaACL _jT-251-F-4 _z-- Enc. hol. _z-- Enc. en un vol. facticio |
||
| 852 |
_aES-MaACL _jT-378-F-7 _z-- Enc. hol. _z-- Enc. en un vol. facticio |
||
| 999 |
_c154375 _d154375 |
||